The Effects of Free Primary Education on Performance of the Human Resources: A Case Study of Teachers in Nakuru Municipality (Record no. 216054)

MARC details
000 -LEADER
fixed length control field 00653nam a22001457a 4500
008 - FIXED-LENGTH DATA ELEMENTS--GENERAL INFORMATION
fixed length control field 250829b |||||||| |||| 00| 0 eng d
050 ## - LIBRARY OF CONGRESS CALL NUMBER
Classification number THE LB 2842.6 .N48 2006
Item number C.1
245 ## - TITLE STATEMENT
Title The Effects of Free Primary Education on Performance of the Human Resources: A Case Study of Teachers in Nakuru Municipality
260 ## - PUBLICATION, DISTRIBUTION, ETC.
Place of publication, distribution, etc. Kisii
Name of publisher, distributor, etc. Kisii University
Date of publication, distribution, etc. 2006
300 ## - PHYSICAL DESCRIPTION
Extent ix, 71p.:ill.
500 ## - GENERAL NOTE
General note Includes bibliographical references
650 ## - SUBJECT ADDED ENTRY
Topical term or geographic name entry element 1. Education, Primary—Kenya—Nakuru Municipality. 2. Teachers—Kenya—Performance. 3. Free education—Kenya. 4. Public schools—Kenya—Administration.
942 ## - ADDED ENTRY ELEMENTS (KOHA)
Source of classification or shelving scheme Library of Congress Classification
Koha item type Reference
Holdings
Withdrawn status Lost status Source of classification or shelving scheme Damaged status Not for loan Collection Home library Current library Date acquired Inventory number Total checkouts Full call number Barcode Date last seen Copy number Price effective from Koha item type
    Library of Congress Classification     Special Research Kisii University Library Kisii University Library 08/29/2025 109460   THE LB 2842.6 .N48 2006 000000024756 08/29/2025 C.1 08/29/2025 Reference